Функциональные свойства единиц языка (Запись № 902175)

Подробности
000 -МАРКЕР
контрольное поле 01980nam0a2200349 4500
001 - ИДЕНТИФИКАТОР ЗАПИСИ
контрольное поле RU\NLR\bibl\1656445
005 - ИДЕНТИФИКАТОР ВЕРСИИ
контрольное поле 20260407180757.0
021 ## - НОМЕР ГОСУДАРСТВЕННОЙ РЕГИСТРАЦИИ
Код страны Российская Федерация
Номер 2010-44976
Номер Листа государственной регистраци 3010
035 ## - ДРУГИЕ СИСТЕМНЫЕ НОМЕРА
Идентификатор записи (NLR Aleph) 001647745
100 ## - ДАННЫЕ ОБЩЕЙ ОБРАБОТКИ
Данные общей обработки 20100720d2009 |||y0rusy50 ca
101 0# - ЯЗЫК РЕСУРСА
Язык текста, звукозаписи и т.д. русский
102 ## - СТРАНА ПУБЛИКАЦИИ ИЛИ ПРОИЗВОДСТВА
Страна публикации Российская Федерация
105 ## - ПОЛЕ КОДИРОВАННЫХ ДАННЫХ: ТЕКСТОВЫЕ МАТЕРИАЛЫ, МОНОГРАФИЧЕСКИЕ
Кодированные данные о монографическом текстовом документе y |||||||||
200 1# - ЗАГЛАВИЕ И СВЕДЕНИЯ ОБ ОТВЕТСТВЕННОСТИ
Основное заглавие Функциональные свойства единиц языка
Сведения, относящиеся к заглавию коллективная монография
Первые сведения об ответственности [Абрамова Татьяна Валентиновна, к.филол.н., доц., Иванов Владимир Константинович, к.п.н., доц., Егорова Ирина Вениаминовна, к.филол.н., доц. и др.
Последующие сведения об ответственности науч. ред.: д.филол.н., проф. Шустрова Е.В.]
-- Прикам. социал. ин-т, Прикам. науч. собр.
210 ## - ПУБЛИКАЦИЯ, РАСПРОСТРАНЕНИЕ И ДР.
Место издания, распространения и т.д. Пермь
Имя издателя, распространителя и т. д. ПСИ
Дата издания, распространения и т.д. 2009
215 ## - ФИЗИЧЕСКАЯ ХАРАКТЕРИСТИКА
Специфическое обозначение материала и объем 271 с.
Размеры 21
300 ## - ОБЩИЕ ПРИМЕЧАНИЯ
Текст примечания Авт. указаны в конце кн.
320 ## - ПРИМЕЧАНИЯ О НАЛИЧИИ В ДОКУМЕНТЕ БИБЛИОГРАФИИ / УКАЗАТЕЛЯ
Текст примечания Библиогр.: с. 250-266
606 1# - НАИМЕНОВАНИЕ ТЕМЫ КАК ПРЕДМЕТ
Наименование темы Единицы языка
Системный номер авторитетной/нормативной записи 2411321
Идентификатор авторитетной/нормативной записи RU\NLR\auth\661436679
686 ## - ИНДЕКСЫ ДРУГИХ КЛАССИФИКАЦИЙ
Индекс Ш100.4
701 #1 - ИМЯ ЛИЦА - АЛЬТЕРНАТИВНАЯ ОТВЕТСТВЕННОСТЬ
Код отношения Автор
Материалы, к которым относится поле rus
Графика поля Кириллица
Начальный элемент ввода Абрамова
Часть имени, кроме начального элемента ввода Т. В.
Дополнения к именам, кроме дат канд. филол. наук
Расширение инициалов личного имени Татьяна Валентиновна
Идентификатор авторитетной/нормативной записи RU\NLR\auth\7751229
Системный номер авторитетной/нормативной записи 34163
701 #1 - ИМЯ ЛИЦА - АЛЬТЕРНАТИВНАЯ ОТВЕТСТВЕННОСТЬ
Код отношения Автор
Материалы, к которым относится поле rus
Графика поля Кириллица
Начальный элемент ввода Иванов
Часть имени, кроме начального элемента ввода В. К.
Дополнения к именам, кроме дат канд. пед. наук
Расширение инициалов личного имени Владимир Константинович
Идентификатор авторитетной/нормативной записи RU\NLR\auth\7788513
Системный номер авторитетной/нормативной записи 71441
701 #1 - ИМЯ ЛИЦА - АЛЬТЕРНАТИВНАЯ ОТВЕТСТВЕННОСТЬ
Код отношения Автор
Материалы, к которым относится поле rus
Графика поля Кириллица
Начальный элемент ввода Егорова
Часть имени, кроме начального элемента ввода И. В.
Дополнения к именам, кроме дат канд. филол. наук
Расширение инициалов личного имени Ирина Вениаминовна
Идентификатор авторитетной/нормативной записи RU\NLR\auth\7789982
Системный номер авторитетной/нормативной записи 72909
702 #1 - ИМЯ ЛИЦА - ВТОРИЧНАЯ ОТВЕТСТВЕННОСТЬ
Начальный элемент ввода Шустрова
Часть имени, кроме начального элемента ввода Е. В.
Расширение инициалов личного имени Елизавета Владимировна
Код отношения Редактор
712 02 - НАИМЕНОВАНИЕ ОРГАНИЗАЦИИ - ВТОРИЧНАЯ ОТВЕТСТВЕННОСТЬ
Код отношения Прочие
Начальный элемент ввода Прикамский социальный институт
Идентифицирующий признак Пермь
Идентификатор авторитетной/нормативной записи RU\NLR\AUTH\8810115234
Системный номер авторитетной/нормативной записи 729717
801 #0 - ИСТОЧНИК ЗАПИСИ
Страна Российская Федерация
Организация NLR
Дата составления 20100720
Правила каталогизации RCR
801 #1 - ИСТОЧНИК ЗАПИСИ
Страна Российская Федерация
Организация NLR
Дата составления 20100720
830 ## - ОБЩЕЕ ПРИМЕЧАНИЕ, СОСТАВЛЕННОЕ КАТАЛОГИЗАТОРОМ
Текст примечания ред. по ЭК
942 ## - ДОПОЛНИТЕЛЬНЫЕ ЭЛЕМЕНТЫ ЗАПИСИ (АБИС)
Тип экземпляра АБИС Книга
980 ## - КОЛЛЕКЦИЯ
Название коллекции Национальная библиография
Экземпляры
Тип экземпляра Дата поступления Источник поступления Библиотека постоянного хранения Библиотека текущего хранения Место хранения Шифр хранения Штрих-код Статус экземпляра
Книга 20.07.2010 Обязательный экземпляр РНБ (Московский) РНБ (Московский) Русский книжный фонд: издания с 1957 года 2010-3/24465 3215476  
Книга 20.07.2010 Обязательный экземпляр РНБ (Московский) РНБ (Московский) Русский книжный фонд: издания с 1957 года 2010-3/24465 3215477